000 00730cam a22001814a 4500
005 20250605164143.0
008 250528s ||||||||||||||||||||||||d
035 _a19041
040 _aGR-AtMCL
_bgre
_dGR-AtMCL
_eAACR2
245 1 _aΣτοιχεία Παραστατικής Γεωμετρίας.
_nΤόμος I
260 _bΑθήνα,
_c1978
300 _a310
520 _aΠρόλογος, Παράσταση Θεμελιωδών Γεωμετρικών Στοιχείων, Θεμελιώδεις Μέθοδοι, Θεμελιώδη Προβλήματα, Πολυέδρα, Κύκλος, Εφαρμογές.
700 1 _aΛευκαδίτης Γεώργιος
_92500
942 _cBK
999 _c4325
_d4325